| 000 | 00958nam a22002057a 4500 | ||
|---|---|---|---|
| 003 | OSt | ||
| 005 | 20170608093035.0 | ||
| 008 | 150409b2011 slv spa | ||
| 040 | _cBMC | ||
| 082 | _a004.21 | ||
| 100 | 1 |
_934921 _aPimentel Aquino, Aníbal José |
|
| 245 | 1 | 0 |
_aPasantía de diseño y desarrollo de sitios web autoadministrables para la empresas filiales de la Cámara de comercio e industria de El Salvador _b: Informe final _cAníbal José Pimentel Aquino |
| 260 |
_aSanta Ana (El Salvador) _bUniversidad Católica de El Salvador _c2011 |
||
| 300 |
_a54 h. _bil. col. _c28 cm _e+ 1 disco compacto |
||
| 500 | _aPrecede al tít.: Universidad Católica de El Salvador, Facultad de Ingeniería y Arquitectura | ||
| 502 | _aPara optar al título de Ingeniero en Sistemas Informáticos | ||
| 650 | 2 | 4 |
_98508 _aDiseño de sistemas |
| 710 | 2 |
_91166 _aUniversidad Católica de El Salvador _bFacultad de Ingeniería y Arquitectura |
|
| 942 |
_2ddc _cTG |
||
| 999 |
_c21348 _d21348 |
||